000
00310nam a22001217a 4500
999
_c
147447
_d
147447
082
_a
954.03
_b
NOL/H.1
100
_a
Nolan E H
245
_a
History of the british empire in India and the east (v.1)/
_c
by Nolan E H.
260
_a
New Delhi:
_b
Discover,
_c
1987.
300
_a
804p.
650
_a
942
_c
BK